CBRE global market rents (Record no. 107700)

MARC details
000 -LEADER
fixed length control field 01327cai a22002295a 4500
001 - CONTROL NUMBER
control field L141557
008 - FIXED-LENGTH DATA ELEMENTS--GENERAL INFORMATION
fixed length control field 071130s2007 xxkad f s 000 0 eng d
035 ## - SYSTEM CONTROL NUMBER
System control number (Sirsi) u141557
041 0# - LANGUAGE CODE
Language code of text/sound track or separate title eng
050 04 - LIBRARY OF CONGRESS CALL NUMBER
Classification number 333.6324 $2 18
110 2# - MAIN ENTRY--CORPORATE NAME
Corporate name or jurisdiction name as entry element CB Richard Ellis
9 (RLIN) 3675
245 00 - TITLE STATEMENT
Title CBRE global market rents
Remainder of title November 2007
Medium [electronic resource]
260 ## - PUBLICATION, DISTRIBUTION, ETC.
Place of publication, distribution, etc. London
Name of publisher, distributor, etc. CBRE
Date of publication, distribution, etc. 2007
490 #0 - SERIES STATEMENT
Series statement CB Richard Ellis Global Market Rents
Volume/sequential designation November 2007
520 ## - SUMMARY, ETC.
Summary, etc. Reports that London is still the most expensive office market in the world, with occupation costs reaching $329 per square foot in the West End market and $181 per square foot in the City. The overall composition of the top ten most expensive cities in the world is unchanged over the last six months, but several cities, including Moscow and Mumbai, have moved up the ranking. Reports that the cost of occupying office space continues to rise around the world. Occupancy costs in the top ten fastest growing markets grew 53% on average and 27.6% in the top 50.
590 ## - LOCAL NOTE (RLIN)
Local note KA
650 24 - SUBJECT ADDED ENTRY--TOPICAL TERM
Topical term or geographic name entry element CB RICHARD ELLIS GLOBAL MARKET RENTS
651 #4 - SUBJECT ADDED ENTRY--GEOGRAPHIC NAME
Geographic name International
690 ## - LOCAL SUBJECT ADDED ENTRY--TOPICAL TERM (OCLC, RLIN)
Topical term or geographic name as entry element PROPERTY-COMMERCIAL PROPERTY-COMMERCIAL PROPERTY MARKET
856 48 - ELECTRONIC LOCATION AND ACCESS
Uniform Resource Identifier <a href="https://www.cbre.com/">https://www.cbre.com/</a>
Public note View this report free of charge after registration under researchat www.cbre.com...
942 ## - ADDED ENTRY ELEMENTS (KOHA)
Suppress in OPAC 0
Holdings
Withdrawn status Lost status Source of classification or shelving scheme Damaged status Not for loan Home library Current library Shelving location Date acquired Total Checkouts Full call number Barcode Date last seen Copy number Price effective from Koha item type
    Dewey Decimal Classification     Virtual Virtual Online 30/11/2007   ONLINE PUBLICATION 141557-1001 06/08/2019 1 06/08/2019 Book